Chicago Bulls: Retired Numbers - Statistics

General Stats
  • This quiz has been taken 280 times
    51 since last reset
  • The average score is 5 of 7
Answer Stats
Number Player % Correct
23 Michael Jordan
100%
33 Scottie Pippen
100%
1 Derrick Rose
93%
10 Bob Love
58%
PJ Phil Jackson
56%
4 Jerry Sloan
44%
JK Jerry Krause
33%
No matching quizzes found
Score Distribution
Percent of People with Each Score
Percentile by Number Answered
Your Score History
You have not taken this quiz since the last reset